| 000 | 01111naa a22002657a 4500 | ||
|---|---|---|---|
| 001 | BR8903794 | ||
| 003 | BR-BrBNA | ||
| 005 | 20240918180514.0 | ||
| 007 | ta | ||
| 008 | 230509b bl.||||| |||| 00| 0 por d | ||
| 040 |
_aBR-BrBNA _bpor _cBiblioteca Nacional de Agricultura |
||
| 041 | _a(En, Pt) | ||
| 072 |
_aN01 _b/G514 |
||
| 090 | _aN01 BR8903794 | ||
| 100 | 1 | _aSilva, S.A. | |
| 245 | 1 | _aUtilizacao de lagoas de estabilizacao no tratamento de esgotos domesticos no nordeste do Brasil.- Utilization of stabilizing lagoons for treating domestic sewage in Brazil`s northeastern region | |
| 260 | 3 |
_aBrasilia, DF (Brasil): _c1985. |
|
| 500 | _aTecnologias apropriadas. Saneamento basico.- Appropriate technologies. Basic sanitation Brasilia, DF (Brasil): 1985. p. 58-88 (BR8903794-AM)N01 | ||
| 650 | _aTRATAMENTO DE ESGOTO | ||
| 650 | _aDRENAGEM | ||
| 650 | _aREGIAO NORDESTE | ||
| 773 | 0 |
_tTecnologias apropriadas. Saneamento basico.- Appropriate technologies. Basic sanitation _wN01 BR8903794 _gBrasilia, DF (Brasil), 1985. p. 58-88 |
|
| 909 |
_a202404 _bLucia _c55 _dLucia Elande |
||
| 942 |
_cAM _2AGRIS |
||
| 999 |
_c320738 _d320738 |
||